000 00728nam a2200205 i 4500
001 154780
003 ES-MaACL
005 20250822063213.0
008 021001s1856 fr |||| | fre d
040 _aBA
_bspa
_cBA
100 1 _aGratry, Auguste-Joseph-Alphonse,
_d1805-1872
_9127542
245 1 0 _aDe la connaissance de Dieu /
_cpar A. Gratry ...
250 _a5e éd., corr. et augm.
260 _aParis :
_bCharles Douniol :
_bJ. Lecoffre,
_c1856 (
_fImp. de Beau)
300 _a2 v. (XXIII, 474 p. ; 431 p.) ;
_c22 cm.
594 _aPrecede a tít. : Philosophie.
650 4 _aFilosofía-
_vHistoria.
_9158248
852 _aES-MaACL
_jG-12535
_z-- Enc. hol.
_z-- Enc. 2 t. en 1 v.
999 _c154780
_d154780